| 000 | 00827nam a22002057a 4500 | ||
|---|---|---|---|
| 003 | BUBTL | ||
| 008 | 240308b ||||| |||| 00| 0 eng d | ||
| 041 | _aEnglish | ||
| 082 |
_21st ed. _a340.0235492/ 2008 |
||
| 100 |
_aBangladesh Bar Council _95726 |
||
| 245 |
_aThe Bangladesh Legal Practitioners and Bar Council Order and Rules, 1972 With Benevolent Fund Rules & Relief Fund Rules, Rules for Registration of Advocates' Clerks, Special Fund Rules and Canons of Professional Conduct & Etiquette As amended Up-to September, 2008/ _bBangladesh Bar Council |
||
| 250 | _a1st ed. | ||
| 260 |
_aDhaka _bThe Bangladesh Bar Council _cc2008 |
||
| 300 |
_a125 p. : _bill. ; 21 cm. |
||
| 526 | _aLaw | ||
| 650 | 0 |
_92145 _aLaw |
|
| 856 |
_k0 _l0 _yDownload |
||
| 942 |
_2ddc _cBK |
||
| 999 |
_c7252 _d7252 |
||